000 00696cam a2200241 4500
001 311841
003 OSt
005 20230619122040.0
008 731001s1971 ke 000 0 eng
010 _a 73170558
040 _aDLC
_cDLC
_dDLC
043 _afe-----
082 0 0 _a301.5
_bPRE
100 1 _aPrewitt, Kenneth,
_ecomp.
245 1 0 _aEducation and political values;
_ban East African case study.
260 _a[Nairobi]
_bEast African Pub. House
_c[1971]
300 _a249 p.
_c22 cm.
350 _aSh28.50
490 0 _aEAPH political studies, 12
650 0 _aStudents
_xPolitical activity
_zAfrica, East.
906 _a7
_bcbc
_corignew
_d4
_encip
_f19
_gy-gencatlg
942 _2ddc
_cBK
999 _c1285
_d1285